Представление документа в формате RUSMARC

ПолеНазваниеЗначение
  Тип записи a
  Библиографический уровень m
001 Контрольный номер RU/CBS_UL/BASE/1275fc6f467448d2abf88fec921faf75
005 Дата корректировки 20231109092503.7
010 Индекс ISBN __
a ISBN 978-5-9930-2545-2
d Цена 50 р. 00 к.
9 Тираж 20 000 экз.
100 Данные общей обработки __
a Данные общей обработки 20231107d 0rusy0189## ca
101 Язык документа 0_
a Язык текста rus
102 Страна публикации __
a Страна публикации RU
200 Заглавие и сведения об ответственности 1_
a Заглавие История древних русских городов. Оборона России. Крепости
e Сведения, относящиеся к заглавию атлас для детей
e Сведения, относящиеся к заглавию +36 наклеек
f Первые сведения об ответственности А. Морозова
210 Выходные данные 1_
a Место издания Москва
c Издательство Алтей-Бук
d Дата издания 2018
215 Физическое описание __
a Объем [34] с.
c Иллюстрации/тип воспроизводства ил.
d Формат 28 см.
225 Серия 2_
a Серия Атлас с наклейками для детей
300 Общие примечания __
a Общие примечания 6+
606 Тематические рубрики 0_
a Основная рубрика Города древнерусские - История - Издания для детей
610 Ключевые слова 0_
a Ключевые слова история; города древнерусские; крепости; атласы; литература детская
686 Индексы других классификаций __
2 Код системы rubbk
a Классификационный индекс 63.3(2Рос-2)
700 Автор _1
a Фамилия Морозова
b Имя (инициалы) А.
801 Источник записи _0
a Страна RU
b Организация МБУК ЦБС г. Ульяновска
c Дата составления 20231107
g Правила каталогизации RCR
801 Источник записи _1
a Страна RU
b Организация МБУК ЦБС г. Ульяновска
c Дата составления 20231107
g Правила каталогизации RCR
852 Данные о местонахождении __
i Авторский знак М 80
j Шифр хранения 63.3(2...)
901 Тип документа __
t Тип документа m